New Venture Strategies

Salvato in:
Dettagli Bibliografici
Autore principale: Vesper, Karl H.
Natura: Libro
Lingua:inglese
Pubblicazione: Englewood Cliffs Prentice Hall 1990
Edizione:1. ed.
Tags: Aggiungi Tag
Nessun Tag, puoi essere il primo ad aggiungerne!!

MARC

LEADER 00000nam a2200000 4500
001 c024264
005 20221215114220.4
041 0 |a eng 
044 |a US 
245 1 0 |a New Venture Strategies  |c Karl H. Vesper 
250 |a 1. ed. 
264 1 |a Englewood Cliffs  |b Prentice Hall  |c 1990 
300 |a 356 s. 
100 1 |a Vesper, Karl H.